00557nam a2200205 a 4500001001300000003000900013005001700022008004100039020001000080082001800090100001300108245006000121260004400181300000900225500003500234505001600269650003400285650001900319700001300338nice12345678IN_TiNIC20260116012150.0050524s1959 alla grp 000 0 eng  ac7.500a954.0232bDAY aDay, U N aAdministrative System of Delhi Sultanat 1206-1413 A. D. aAllahabadbKitab Mahal Publishersc1959 a219p aincludes index and biblioraphy2 aBibl, Index aIndia-History Delhi Sultanate aDelhi Sultanat1 aDay, U N